Music in church : a report of a Committee appointed in 1948 by the Archbishops of Canterbury and York.

Guardat en:
Dades bibliogràfiques
Autor corporatiu: Church of England. Archbishops' Committee on Music in Church
Format: Llibre
Idioma:English
Publicat: Westminster, London : Church Information Board, 1951.
Matèries:
LEADER 01111nam a2200241 a 4500
001 c000124146
003 CARM
005 00000000000000.0
008 s1951 enk b 00100 eng d
019 1 |a 9019263  |5 LACONCORD2021 
035 |a (OCoLC)154159525  |5 LACONCORD2021 
110 2 0 |a Church of England.  |b Archbishops' Committee on Music in Church. 
245 1 0 |a Music in church :  |b a report of a Committee appointed in 1948 by the Archbishops of Canterbury and York. 
260 |a Westminster, London :  |b Church Information Board,  |c 1951. 
300 |a x, 89 p. ;  |c 21 cm. 
500 |a Revision of: Music in worship, published 1922. 
504 |a Includes bibliographical references (p. 86-87) and index. 
650 0 |a Church music  |x Church of England. 
710 2 1 |a Church of England.  |b Archbishops' Committee on Music in Church.  |t Music in worship. 
852 8 |b CARM  |h A2:AB21A0  |i B02657  |p 0092368  |f BK 
082 0 4 |a 782.3223  |2 20 
999 f f |i efd2f8c9-2c2c-57f1-be5e-96abe9010bad  |s 2ab97992-aed3-5c2a-b199-3f9b9553705d 
952 f f |p Can circulate  |a CAVAL  |b CAVAL  |c CAVAL  |d CARM 1 Store  |e B02657  |f A2:AB21A0  |h Other scheme  |i book  |m 0092368